Logo BPK

Biblioteka

Politechniki Koszalińskiej

Warunki żeglugi zestawów pchanych o dużej ładowności na śródlądowych drogach wodnych / (Rekord nr 35523)

Szczegóły MARC
000 -ETYKIETA REKORDU
podpole kontrolne o stałej długości 00869nam a2200193 i 4500
001 - NUMER KONTROLNY REKORDU
pole kontrolne bg
040 ## - ŹRÓDŁO KATALOGOWANIA
Instytucja, która utworzyła rekord BPK
041 0# - KOD JĘZYKA
Kod języka tekstu pol
Kod języka streszczenia lub abstraktu eng
080 ## - UNIWERSALNA KLASYFIKACJA DZIESIĘTNA - UKD
UKD 656.62
008 - POLE O STAŁEJ DŁUGOŚCI - DANE KONTROLNE
podpole kontrolne o stałej długości s pl f |000 0 pol
245 00 - TYTUŁ/ODPOWIEDZIALNOŚĆ
Tytuł Warunki żeglugi zestawów pchanych o dużej ładowności na śródlądowych drogach wodnych /
Pozostałe elementy strefy tytułu i oznaczenia odpowiedzialności [red. nauk. Jan Winter].
260 ## - STREFA ADRESU WYDAWNICZEGO
Miejsce wydania Wrocław :
Nazwa wydawcy/dystrybutora Wydawnictwo Politechniki Wrocławskiej,
Data publikacji, dystrybucji/powstania dokumentu 1985.
490 1# - STREFA SERII I DOKUMENTU WIELOCZĘŚCIOWEGO - FORMA NIE DO WYSZUKIWANIA
Tytuł i oznaczenie odpowiedzialności serii Prace Naukowe Instytutu Geotechniki Politechniki Wrocławskiej. Studia i Materiały =
-- Scientific Papers of the Institute of Geotechnics of the Wrocław University of Technology. Studies and Research,
ISSN 0084-2842 ;
Numeracja w obrębie serii no 11
650 #9 - HASŁO PRZEDMIOTOWE W FORMIE NAZWY OGÓLNEJ LUB JEDNOSTKOWEJ
Nazwa ogólna lub geograficzna Żegluga śródlądowa
650 #9 - HASŁO PRZEDMIOTOWE W FORMIE NAZWY OGÓLNEJ LUB JEDNOSTKOWEJ
Nazwa ogólna lub geograficzna Drogi wodne śródlądowe
700 1# - HASŁO DODATKOWE - NAZWA OSOBOWA
Nazwa osobowa winter, Jan
830 #0 - HASŁO DODATKOWE SERII LUB DOKUMENTU WIELOCZĘŚCIOWEGO - TYTUŁ UJEDNOLICONY
Tytuł ujednolicony Prace Naukowe Instytutu Geotechniki Politechniki Wrocławskiej.
Nazwa części/sekcji dzieła Studia i Materiały
856 ## - LOKALIZACJA I DOSTĘP DO ELEKTRONICZNYCH DOKUMENTÓW ZDALNYCH
Link (URL) http://koha.tu.koszalin.pl/cgi-bin/koha/opac-detail.pl?biblionumber=35523
Tekst linku Katalog online BPK
942 ## - DODATKOWE ELEMENTY (KOHA)
Typ dokumentu Książka
Egzemplarze
Wycofany Status egzemplarza Uszkodzony Dostępność Lokalizacja stała Lokalizacja bieżąca Miejsce przechowywania Sygnatura Kod kreskowy Typ dokumentu
      Dostępny Biblioteka Politechniki Koszalińskiej Biblioteka Politechniki Koszalińskiej Wypożyczalnia BG S 292 02327198 Książka
© 2023 Biblioteka Politechniki Koszalińskiej :: KOHA